Gặp lại chốn hồng trần sâu nhất

Viết về cuộc đời tu hành và thơ ca của Tsangyang Gratso là Phật sống, vị Đạt Lai Lạt Ma thứ 6 (1683-1706), là thủ lĩnh chính trị tôn giáo Tây Tạng, vô cùng kính yêu Phật nhưng lại là một trong những nhà thơ nổi tiếng nhất Tây Tạng quyến luyến...

Volledige beschrijving

Bewaard in:
Bibliografische gegevens
Hoofdauteur: Bạch, Lạc Mai
Formaat: Boek
Taal:Undetermined
Gepubliceerd in: Hà Nội Lao động 2018
Onderwerpen:
Tags: Voeg label toe
Geen labels, Wees de eerste die dit record labelt!
Thư viện lưu trữ: Trung tâm Học liệu Trường Đại học Cần Thơ
LEADER 01037nam a2200205Ia 4500
001 CTU_232405
008 210402s9999 xx 000 0 und d
020 |c 139000 
082 |a 294.3923 
082 |b M103 
100 |a Bạch, Lạc Mai 
245 0 |a Gặp lại chốn hồng trần sâu nhất 
245 0 |c Bạch Lạc Mai ; Nguyễn Vinh Chi (Dịch) 
260 |a Hà Nội 
260 |b Lao động 
260 |c 2018 
520 |a Viết về cuộc đời tu hành và thơ ca của Tsangyang Gratso là Phật sống, vị Đạt Lai Lạt Ma thứ 6 (1683-1706), là thủ lĩnh chính trị tôn giáo Tây Tạng, vô cùng kính yêu Phật nhưng lại là một trong những nhà thơ nổi tiếng nhất Tây Tạng quyến luyến hồng trần, vấn vương tình ái... 
650 |a Đời sống tinh thần,Spiritual life 
650 |x Phật giáo,Buddhism 
980 |a Trung tâm Học liệu Trường Đại học Cần Thơ